000 00369nam a2200133Ia 4500
008 151001s9999||||xx |||||||||||||| ||und||
100 _aनिलीमाकुमार खैरे
245 _aसाप
250 _a4
260 _b"ज्योत्स्ना प्रकाशन ,मुंबई"
260 _c2013
300 _a103
365 _b21
999 _c1002045
_d1002042